Communication Defined - Statistics

General Stats
  • This quiz has been taken 8 times
  • The average score is 3 of 5
Answer Stats
Hint Answer % Correct
distorted by noise
100%
Sending and receiving messages
60%
occur within a context
40%
opportunity for feedback
40%
have some effect
20%
No matching quizzes found
Score Distribution
Percent of People with Each Score
Percentile by Number Answered
Your Score History
You have not taken this quiz